Представление документа в формате RUSMARC

ПолеНазваниеЗначение
  Тип записи a
  Библиографический уровень m
001 Контрольный номер RU/ГПНТБ России/IBIS/84(3)/П 60-150684808
005 Дата корректировки 20260507151914.1
010 Индекс ISBN __
a ISBN 978-5-389-22930-3
b Уточнения в пер.
100 Данные общей обработки __
a Данные общей обработки 20260507d2024 d y0rusy0250 ca
101 Язык документа 1_
a Язык текста rus
c Язык оригинала eng
102 Страна публикации __
a Страна публикации RU
105 Кодированные данные (монография) __
a Кодированные данные (монография) a zz 000ay
181 Поле кодированных данных: вид содержания _0
a Код вида содержания (ISBD) i
182 Поле кодированных данных: тип средства _0
a Код типа средства (ISBD) n
200 Заглавие и сведения об ответственности 1_
a Заглавие Поллианна выросла
e Сведения, относящиеся к заглавию повесть
e Сведения, относящиеся к заглавию [для среднего школьного возраста]
f Первые сведения об ответственности Элинор Портер
g Последующие сведения об ответственности перевод с английского Сергея Магомета ; вступительная статья Е. Ю. Зубаревой ; художник Юрий Богачев
203 Вид содержания и тип средства __
c Тип средства непосредственный
a Вид содержания Текст
210 Выходные данные 1_
a Место издания Москва
c Издательство Махаон
c Издательство Азбука-Аттикус
d Дата издания 2024
215 Физическое описание __
a Объем 253, [2] с.
c Иллюстрации/тип воспроизводства ил.
d Формат 21 см
225 Серия 2_
a Серия Чтение - лучшее учение
333 Примечание о целевом назначении __
a Примечание о целевом назначении информационная продукция для детей, не достигших возраста шести лет
333 Примечание о целевом назначении __
a Примечание о целевом назначении Для учащихся 5-9 классов
454 Оригинал _0
1 700 1
a Porter
g Eleanor H.
1 2001
a Pollyanna Grows Up
f Eleanor H. Porter
606 Тематические рубрики __
a Основная рубрика Американская литература (Х.Л.)
x Основная подрубрика Проза
z Хронологическая подрубрика 19-20 вв.
j Формальный подзаголовок Издания для детей
2 Код системы nlr_sh
610 Ключевые слова 1_
a Ключевые слова детская литература
610 Ключевые слова 1_
a Ключевые слова издания для детей
610 Ключевые слова 1_
a Ключевые слова приключения
610 Ключевые слова 1_
a Ключевые слова открытия
610 Ключевые слова 1_
a Ключевые слова испытания
610 Ключевые слова 1_
a Ключевые слова сострадание
686 Индексы других классификаций __
2 Код системы rubbk
a Классификационный индекс 84(7Сое)
700 Автор _1
a Фамилия Портер
b Имя Э.
g Полное личное имя Элинор
f Даты 1868-1920
4 Код отношения 070
702 Вторичная интеллектуальная ответственность _1
a Фамилия Магомет
b Имя С. А.
g Полное личное имя Сергей Анатольевич
f Даты 1958-
4 Код отношения 730
702 Вторичная интеллектуальная ответственность _1
a Фамилия Зубарева
b Имя Е.Ю.
g Полное личное имя Елена Юрьевна
f Даты 1973-
4 Код отношения 080
702 Вторичная интеллектуальная ответственность _1
a Фамилия Богачев
b Имя Ю. Н.
g Полное личное имя Юрий Николаевич
f Даты 1956-
4 Код отношения 440
801 Источник записи _0
b Организация ГПНТБ России
a Страна RU
c Дата составления 20260507
801 Источник записи _1
b Организация ГПНТБ России
a Страна RU
c Дата составления 20260507
852 Данные о местонахождении 5_
a Наименование организации ГПНТБ России
m Суффикс шифра хранения 111105079
b Сигла хранения ЦГБ
j Шифр хранения 84(3)
p Инвентарный номер RU
899 Данные о местонахождении __
a Местонахождение ГПНТБ России
p Штрих-код 111105079
b Место хранения ЦГБ
h Классификационная часть РШ 84(7Сое)
i Авторский знак П 60
901 Тип документа __
a Ответственный заим.